| 000 | 00977nam a2200277Ia 4500 | ||
|---|---|---|---|
| 005 | 20251020182456.0 | ||
| 008 | 200515s9999 xx 000 0 und d | ||
| 082 | _a624.04/W62/v.1 | ||
| 100 | _aGergely, Peter | ||
| 100 | _aSexsmith, Robert G. | ||
| 100 | _aWhite, Richard N. | ||
| 245 | 0 | _aIngeniería Estructural : Volumen 1. Introducción a los conceptos de análisis y diseño | |
| 250 | _a1a ed. | ||
| 260 | _aMéxico, D.F. | ||
| 260 | _bLIMUSA | ||
| 260 | _c1976 | ||
| 300 | _a283 p. | ||
| 300 | _bil., graf. | ||
| 500 | _a1 ejemplar. Volumen 1 | ||
| 520 | _aEstablece la actividad de la ingeniería estructural, en el contexto del caso de estudio relativo al diseño de un puente A continuación se estudian los requisitos y cargas estructurales, la forma estructural, el análisis de las estructuras determinadas y e | ||
| 650 | _aDISEÑO ESTRUCTURAL | ||
| 650 | _aESTRUCTURAS | ||
| 650 | _aINGENIERIA ESTRUCTURAL | ||
| 942 | _cLIB | ||
| 999 |
_c1002 _d1002 |
||